00348pab a2200133 454500008004000000100001700040245004300057260000900100300001400109362001200123650002200135700002400157773003300181180718b2012 xxu||||| |||| 00| 0 eng d aGuy, Mary E. aSocial equity: Its legacy, its promise c2012 ap.S5-S13. aNov-Dec aSocial inequality aMcCandless, Sean A. aPublic Administration Review